000 00299nam a22001337a 4500
008 170622b xxu||||| |||| 00| 0 eng d
020 _a9780415096423
041 _aeng
080 _a32
100 _a21
101 _aSHP
245 _aTHE THREE PILLARS OF LIBERTY
_cKLUG.F
942 _2udc
_cBK
999 _c18729
_d18729